000 00373nam a2200169 4500
001 4855
005 20181127174257.0
010 0 0 _a
020 0 0 _a9789381626825
090 0 0 _aFIC S2258r
100 0 0 _aSanghi, Ashwin.
245 0 0 _aThe rozabal line /
_b
_cAshwin Sanghi.
_h
260 0 0 _aChennai,
_bW.
_c2008.
300 0 0 _a361 p. ; 18 cm
500 0 0 _a
650 0 0 _aFiction.
_x
999 _c4035
_d4035